Clickable Sporcle Quiz Show: SNL Celebrity Jeopardy Stats

 Plays Quiz Updated Oct 18, 2018

Score 0/30 Timer 07:00
4 Plays Today
% Correct
DICK CHENEY
89.5%
COFFEE
89.5%
SNOOP DOGG
89.3%
EGG
87.8%
JOHN LENNON
87.2%
FRASIER
87.2%
LAVENDER
87.1%
SEAN ASTIN
86.2%
STEEL
85.4%
SOPRANOS
85.4%
EGGPLANT
85%
LEVAR BURTON
84.6%
TOAST
84.6%
AMETHYST
84.3%
SAMURAI
84.1%
% Correct
ED SULLIVAN
83.5%
50 CENT
83.3%
GEORGE CARLIN
83.1%
HANNIBAL
82.6%
GRAPEFRUIT
81.9%
ARRESTED
DEVELOPMENT
81%
KEITH MOON
80.7%
INDIGO
79.8%
DR KATZ
79.4%
BYZANTIUM
79.1%
SCABBARD
78.3%
SHAMSIR
75.2%
JAM
73.2%
PETE BEST
72.5%
SABRE
67.5%

You're not logged in!

Compare scores with friends on all Sporcle quizzes.
OR
Log In

You Might Also Like...

Show Comments

Extras

Top Quizzes Today


Score Distribution

Your Account Isn't Verified!

In order to create a playlist on Sporcle, you need to verify the email address you used during registration. Go to your Sporcle Settings to finish the process.

Report this User

Report this user for behavior that violates our Community Guidelines.

Details: